000 00237nam a22001097a 4500
040 _cSP
082 _a664
100 _aNA
245 _a A guide to calculating the shelf life of foods
260 _aNew Zealand
_bNA
_c2005
942 _cEK
999 _c8564
_d8564